Les 10 plus grands pays du monde - Mort Subite - Statistiques

Statistiques générales
  • Ce quiz a été pris 2 662 fois
  • Le résultat moyen est 6 sur 10
Answers on the Grid
Answers color-coded by a green-red scale on the quiz's grid according to % correct below.
Russie
Pakistan
Iran
Kazakhstan
Algérie
Libye
Canada
Mexique
Australie
Chine
Argentine
Brésil
Perou
Mongolie
Inde
Afghanistan
Ukraine
Etats Unis
 
Statistiques - réponses
Réponse % Correct
Russie
99%
Etats Unis
81%
Chine
76%
Canada
71%
Brésil
70%
Australie
66%
Inde
51%
Kazakhstan
39%
Algérie
38%
Argentine
28%
Aucun quiz correspondant
Distribution des résultats
% des personnes avec chaque résultat
Percentile par nombre de réponses
Votre historique - résultats
Vous n’avez pas pris ce quiz